[Event "36 Open Internacional Ciudad de San Seba"]
[Site "Donostia-San Sebastian"]
[Date "2013.03.23"]
[Round "1"]
[White "Lakunza Oyarbide, Juan Carlos"]
[Black "Arri Martinez, Iker"]
[Result "1-0"]
[WhiteElo "2116"]
[BlackElo "1616"]
[PlyCount "59"]
[EventDate "2013.03.23"]
[EventRounds "9"]
[EventCountry "ESP"]

1. d4 Nf6 2. Nf3 g6 3. c4 Bg7 4. Nc3 O-O 5. e4 d6 6. Be2 Nc6 7. d5 Nb4 8. O-O
c6 9. Be3 cxd5 10. cxd5 b6 11. a3 Na6 12. b4 Nc7 13. Rc1 e6 14. Nd4 exd5 15.
Nc6 Qd7 16. exd5 Bb7 17. b5 Rfe8 18. Bf3 Qf5 19. h3 h5 20. g4 hxg4 21. hxg4 Qd7
22. g5 Nh7 23. Bg4 Ne6 24. dxe6 fxe6 25. Qd3 Nf8 26. Nd5 Qf7 27. Nf4 e5 28. Nd5
Ne6 29. Qc4 Kf8 30. f4 1-0

[Event "36 Open Internacional Ciudad de San Seba"]
[Site "Donostia-San Sebastian"]
[Date "2013.03.23"]
[Round "1"]
[White "Aizpurua Zufiria, Inaki"]
[Black "Etxagibel Larranaga, Asier"]
[Result "0-1"]
[WhiteElo "1603"]
[BlackElo "2110"]
[PlyCount "58"]
[EventDate "2013.03.23"]
[EventRounds "9"]
[EventCountry "ESP"]

1. d4 d5 2. Nf3 Nf6 3. e3 Bg4 4. c4 e6 5. h3 Bh5 6. g4 Bg6 7. Ne5 Bd6 8. h4 Be4
9. f3 Bxb1 10. Rxb1 Nbd7 11. Qa4 c6 12. Nxd7 Bg3+ 13. Ke2 Nxd7 14. h5 Bd6 15.
c5 Bc7 16. Bd2 e5 17. Bg2 exd4 18. exd4 O-O 19. Kf2 Re8 20. Rbe1 Nf8 21. Qd1
Qf6 22. Be3 Ne6 23. Bf1 Bf4 24. Bd3 Bxe3+ 25. Rxe3 Qxd4 26. Qc2 Nxc5 27. Rhe1
Rxe3 28. Bxh7+ Kh8 29. Bf5 Rc3+ 0-1

[Event "36 Open Internacional Ciudad de San Seba"]
[Site "Donostia-San Sebastian"]
[Date "2013.03.24"]
[Round "2"]
[White "Alonso Rosell, Alvar"]
[Black "Silva Rodriguez, Fernando"]
[Result "1-0"]
[WhiteElo "2552"]
[BlackElo "2175"]
[PlyCount "103"]
[EventDate "2013.03.23"]
[EventRounds "9"]
[EventCountry "ESP"]

1. c4 Nf6 2. Nf3 e6 3. g3 d5 4. b3 Be7 5. Bg2 O-O 6. O-O c5 7. e3 Nc6 8. Bb2 b6
9. Qe2 Ba6 10. Na3 Rc8 11. Rfd1 Qd7 12. d3 Rfd8 13. e4 Bb7 14. Bh3 d4 15. Nc2
a5 16. a3 Ne8 17. b4 g6 18. b5 Nb8 19. Re1 Ng7 20. Bc1 Re8 21. Ne5 Qc7 22. Ng4
Rf8 23. Bh6 f6 24. f4 Rce8 25. Rf1 f5 26. Ne5 Nd7 27. Nxd7 Qxd7 28. Ne1 Bd6 29.
Nf3 Rf7 30. Rae1 Rfe7 31. Bg5 Rf7 32. Bh6 Rfe7 33. g4 Bc7 34. Rf2 Bc8 35. Qf1
Bb8 36. Rfe2 Qb7 37. Ng5 Qc7 38. Nf3 Qb7 39. Qf2 Qd7 40. Qh4 Bd6 41. gxf5 exf5
42. e5 Bc7 43. Bg5 Rf7 44. Bf6 Ne6 45. Bxf5 gxf5 46. Rg2+ Ng7 47. Ng5 Rxf6 48.
Qxh7+ Kf8 49. Qh8+ Ke7 50. Qxg7+ Kd8 51. Qxf6+ Qe7 52. Nf7+ 1-0

[Event "36 Open Internacional Ciudad de San Seba"]
[Site "Donostia-San Sebastian"]
[Date "2013.03.24"]
[Round "2"]
[White "Pastor Pons, Pedro Maria"]
[Black "Narciso Dublan, Marc"]
[Result "0-1"]
[WhiteElo "2141"]
[BlackElo "2551"]
[PlyCount "128"]
[EventDate "2013.03.23"]
[EventRounds "9"]
[EventCountry "ESP"]

1. e4 e6 2. d4 d5 3. e5 c5 4. c3 Nc6 5. Nf3 Qb6 6. a3 Nh6 7. b4 cxd4 8. Bxh6
gxh6 9. cxd4 Bd7 10. Be2 Rc8 11. O-O Bg7 12. Qd2 O-O 13. Nc3 Nxd4 14. Nxd4 Bxe5
15. Nxd5 exd5 16. Rad1 Rfe8 17. Nf3 Bc3 18. Qxd5 Ba4 19. Bc4 Bxd1 20. Qxf7+ Kh8
21. Rxd1 Rf8 22. Qe7 Qf6 23. Qe2 Rfe8 24. Qa2 Re7 25. Qb3 Bb2 26. Rb1 Qc3 27.
Rxb2 Qxb3 28. Rxb3 Rxc4 29. g3 Kg7 30. Rd3 Kf7 31. Kg2 Ke8 32. h4 Rc6 33. h5
Rf6 34. Ng1 Rf5 35. g4 Rg7 36. Kg3 Rxh5 37. f4 a5 38. Nf3 axb4 39. axb4 Rb5 40.
Rd4 Rd7 41. Re4+ Kf8 42. Ne5 Rc7 43. Kh4 Rc1 44. Rd4 Ke8 45. Kg3 Rc3+ 46. Kh4
Rc1 47. Kg3 Rb1 48. Nd3 Ke7 49. Kf3 Rb3 50. Ke4 Rb6 51. Rc4 Rc6 52. Rd4 Rd6 53.
f5 Rxd4+ 54. Kxd4 Kf6 55. Kc4 Rb1 56. Nc5 Rg1 57. Nxb7 Rxg4+ 58. Kc5 h5 59. Nd6
h4 60. b5 h3 61. b6 h2 62. b7 Rg8 63. Nc8 h1=Q 64. b8=Q Rxc8+ 0-1

[Event "36 Open Internacional Ciudad de San Seba"]
[Site "Donostia-San Sebastian"]
[Date "2013.03.24"]
[Round "2"]
[White "Andres Gonzalez, Alberto"]
[Black "Savolainen, Lev P"]
[Result "1/2-1/2"]
[WhiteElo "2542"]
[BlackElo "2107"]
[PlyCount "84"]
[EventDate "2013.03.23"]
[EventRounds "9"]
[EventCountry "ESP"]

1. d4 e6 2. c4 d5 3. Nc3 Nf6 4. Bg5 Be7 5. e3 a6 6. cxd5 exd5 7. Bd3 Nbd7 8.
Nge2 O-O 9. O-O Re8 10. Qc2 h6 11. Bh4 c5 12. dxc5 Nxc5 13. Rad1 Nxd3 14. Qxd3
Be6 15. Nf4 Qa5 16. Bxf6 Bxf6 17. Nfxd5 Bxd5 18. Qxd5 Bxc3 19. bxc3 Qxd5 20.
Rxd5 Rac8 21. Rd3 Rc4 22. Rb1 Rec8 23. Rb3 b5 24. Kf1 R8c5 25. Ke2 a5 26. Kd2
b4 27. f3 Rh4 28. h3 Rg5 29. g4 Rxh3 30. cxb4 axb4 31. e4 Ra5 32. Ke3 Rxa2 33.
Rxb4 g5 34. e5 h5 35. gxh5 Ra5 36. Rb8+ Kg7 37. Ke4 Ra4+ 38. Ke3 g4 39. h6+
Kxh6 40. Rh8+ Kg5 41. Rxh3 gxh3 42. Kf2 Kf4 1/2-1/2

[Event "36 Open Internacional Ciudad de San Seba"]
[Site "Donostia-San Sebastian"]
[Date "2013.03.24"]
[Round "2"]
[White "Troffiguer, Olivier"]
[Black "Vocaturo, Daniele"]
[Result "0-1"]
[WhiteElo "2119"]
[BlackElo "2511"]
[PlyCount "42"]
[EventDate "2013.03.23"]
[EventRounds "9"]
[EventCountry "ESP"]

1. d4 Nf6 2. c4 c5 3. Nf3 e6 4. Nc3 cxd4 5. Nxd4 Bb4 6. Bd2 Nc6 7. e3 O-O 8. a3
Be7 9. Nxc6 bxc6 10. Be2 Rb8 11. b4 c5 12. b5 d5 13. O-O Bb7 14. cxd5 exd5 15.
Na4 Qd7 16. Bc3 Qe6 17. Rb1 Ne4 18. Bf3 Ng5 19. Ba5 Bd6 20. Bc3 Nxf3+ 21. gxf3
d4 0-1

[Event "36 Open Internacional Ciudad de San Seba"]
[Site "Donostia-San Sebastian"]
[Date "2013.03.24"]
[Round "2"]
[White "Moreno Ruiz, Javier"]
[Black "Miguelez Garcia, Erlantz"]
[Result "1/2-1/2"]
[WhiteElo "2495"]
[BlackElo "2033"]
[PlyCount "104"]
[EventDate "2013.03.23"]
[EventRounds "9"]
[EventCountry "ESP"]

1. c4 Nf6 2. g3 g6 3. Bg2 Bg7 4. Nc3 c5 5. a3 O-O 6. Rb1 Nc6 7. b4 d6 8. d3 Qd7
9. Bd2 Rb8 10. Qa4 cxb4 11. axb4 a6 12. b5 Ne5 13. f4 Neg4 14. h3 Nh6 15. g4
Nhxg4 16. hxg4 Qxg4 17. Bf3 Qg3+ 18. Kd1 axb5 19. cxb5 Ng4 20. Ne4 Nf2+ 21.
Nxf2 Qxf2 22. Be1 Qe3 23. Qe4 Qc5 24. Qb4 Qe3 25. Qd2 Qb6 26. e4 Be6 27. Bf2
Qc7 28. Ne2 Ra8 29. Rc1 Qd7 30. f5 Bb3+ 31. Ke1 Qxb5 32. Nd4 Qa4 33. Nxb3 Qxb3
34. Bd1 Qb5 35. fxg6 fxg6 36. Bg4 Ra3 37. Be6+ Kh8 38. Bc4 Qe5 39. Ke2 h5 40.
Rb1 Kh7 41. Qe3 Bh6 42. Qg3 Qc3 43. Rbg1 Qd2+ 44. Kf1 Ra1+ 45. Kg2 Rxg1+ 46.
Rxg1 Bf4 47. Qf3 Bh6 48. Qg3 Bf4 49. Qh4 Bg5 50. Qg3 Bf4 51. Qf3 Bh6 52. Qg3
Bf4 1/2-1/2

[Event "36 Open Internacional Ciudad de San Seba"]
[Site "Donostia-San Sebastian"]
[Date "2013.03.24"]
[Round "2"]
[White "Panelo, Marcelo"]
[Black "Picazo Gonzalez, Alejandro"]
[Result "1-0"]
[WhiteElo "2429"]
[BlackElo "1993"]
[PlyCount "45"]
[EventDate "2013.03.23"]
[EventRounds "9"]
[EventCountry "ESP"]

1. d4 d5 2. c4 e6 3. Nc3 Be7 4. cxd5 exd5 5. Bf4 Nf6 6. e3 Bf5 7. Qb3 Nc6 8. a3
a6 9. Bg5 Na5 10. Qa2 Be6 11. Nge2 c5 12. Nf4 c4 13. Be2 Nb3 14. Rd1 Qa5 15.
O-O Rd8 16. Bxf6 Bxf6 17. Nh5 Qb6 18. Kh1 Qc6 19. Qb1 b5 20. Nxf6+ gxf6 21. e4
dxe4 22. d5 Qb7 23. Qxe4 1-0

[Event "36 Open Internacional Ciudad de San Seba"]
[Site "Donostia-San Sebastian"]
[Date "2013.03.24"]
[Round "2"]
[White "Ortega Lopez, Mikel"]
[Black "Argandona Riveiro, Inigo"]
[Result "0-1"]
[WhiteElo "2016"]
[BlackElo "2421"]
[PlyCount "112"]
[EventDate "2013.03.23"]
[EventRounds "9"]
[EventCountry "ESP"]

1. e4 e5 2. Nf3 d6 3. d4 exd4 4. Nxd4 Nf6 5. Nc3 Be7 6. Bd3 O-O 7. O-O c6 8. h3
Re8 9. Re1 Nbd7 10. Bf4 Bf8 11. Qf3 Ne5 12. Bxe5 dxe5 13. Nb3 Be6 14. Red1 Qc7
15. Nd2 b5 16. Ne2 Be7 17. c4 b4 18. Nf1 g6 19. Ne3 a5 20. Rac1 Qa7 21. Qg3 Nd7
22. Kh1 Bc5 23. Rd2 Rad8 24. Bb1 Nb6 25. Rxd8 Rxd8 26. Nf5 f6 27. b3 Rd2 28.
Qf3 gxf5 29. exf5 Bf7 30. Qxc6 Qe7 31. Ng3 Be8 32. Qf3 Rxf2 33. Qg4+ Kf8 34.
Rc2 Rf4 35. Qd1 Bc6 36. Rd2 Bd4 37. Kh2 Qg7 38. Nh5 Qg5 39. Nxf4 Qxf4+ 40. g3
Qe3 41. Re2 Qf3 42. Rd2 Nd7 43. Qxf3 Bxf3 44. Rd3 Bc6 45. g4 Nc5 46. Rd1 Ke7
47. Kg3 h6 48. h4 Be3 49. g5 fxg5 50. f6+ Kf7 51. Rd8 Bf4+ 52. Kg4 h5+ 53. Kxh5
Bf3+ 54. Kh6 gxh4+ 55. Kh7 h3 56. Rd6 Be4+ 0-1

[Event "36 Open Internacional Ciudad de San Seba"]
[Site "Donostia-San Sebastian"]
[Date "2013.03.24"]
[Round "2"]
[White "Pogorelov, Ruslan"]
[Black "Darrigues, Alain"]
[Result "1-0"]
[WhiteElo "2403"]
[BlackElo "1991"]
[PlyCount "117"]
[EventDate "2013.03.23"]
[EventRounds "9"]
[EventCountry "ESP"]

1. Nf3 c5 2. c4 Nf6 3. Nc3 Nc6 4. d4 cxd4 5. Nxd4 Nxd4 6. Qxd4 d6 7. e4 g6 8.
Bg5 Bg7 9. Qd2 Be6 10. Rc1 Rc8 11. b3 Qa5 12. Bd3 O-O 13. Nd5 Qxd2+ 14. Kxd2
Rfe8 15. Nxf6+ exf6 16. Be3 b6 17. Rhd1 Bf8 18. Rc2 Bd7 19. Bd4 Bh6+ 20. Kc3
Re6 21. Kb2 Bc6 22. f3 Bf4 23. g3 Be5 24. Bf1 Rce8 25. Bh3 f5 26. Bxe5 dxe5 27.
c5 Rf6 28. Rd6 Ree6 29. Rxe6 Rxe6 30. cxb6 axb6 31. exf5 Rf6 32. Re2 Bxf3 33.
Rxe5 gxf5 34. Rxf5 Kg7 35. Rxf6 Kxf6 36. Kc3 Ke5 37. Bf1 h6 38. Bc4 f6 39. Kd3
Be4+ 40. Ke3 Bb1 41. a3 Bc2 42. Kd2 Be4 43. Kc3 Bf3 44. Bd3 Bb7 45. a4 Bc6 46.
Bc2 Bf3 47. b4 Kd6 48. Kd4 Bb7 49. Be4 Bc8 50. a5 bxa5 51. bxa5 Kc7 52. Kc5 Ba6
53. Bd5 Be2 54. Bc4 Bf3 55. a6 Kb8 56. Kb6 Be4 57. Bb5 h5 58. Bc6 f5 59. a7+
1-0

[Event "36 Open Internacional Ciudad de San Seba"]
[Site "Donostia-San Sebastian"]
[Date "2013.03.24"]
[Round "2"]
[White "Schuettler, Thomas"]
[Black "Guerra Bastida, Diego"]
[Result "1/2-1/2"]
[WhiteElo "1993"]
[BlackElo "2401"]
[PlyCount "58"]
[EventDate "2013.03.23"]
[EventRounds "9"]
[EventCountry "ESP"]

1. d4 d6 2. c4 e5 3. d5 Nf6 4. Nc3 g6 5. e4 Bg7 6. Be2 a5 7. Be3 Na6 8. Qd2 Nc5
9. f3 O-O 10. g4 Ne8 11. h4 f5 12. h5 f4 13. Bxc5 dxc5 14. hxg6 hxg6 15. O-O-O
Nd6 16. Nh3 a4 17. Rh2 b6 18. Qe1 g5 19. Qf1 Bd7 20. Nf2 Be8 21. Bd3 Bg6 22.
Qe2 Qd7 23. Rdh1 Qe7 24. Nfd1 Rfb8 25. Nb5 Nxb5 26. cxb5 Qd6 27. Nc3 a3 28. b3
Kf7 29. Bc4 Ke7 1/2-1/2

[Event "36 Open Internacional Ciudad de San Seba"]
[Site "Donostia-San Sebastian"]
[Date "2013.03.24"]
[Round "2"]
[White "Sanchez Ruesga, Hector"]
[Black "Velten, Paul"]
[Result "0-1"]
[WhiteElo "1989"]
[BlackElo "2385"]
[PlyCount "78"]
[EventDate "2013.03.23"]
[EventRounds "9"]
[EventCountry "ESP"]

1. d4 Nf6 2. c4 e6 3. Nf3 b6 4. g3 Bb7 5. Bg2 Be7 6. O-O O-O 7. d5 Re8 8. Nc3
Bb4 9. Ne1 Bxc3 10. bxc3 e5 11. e4 Ba6 12. Qa4 d6 13. Nd3 Qd7 14. Qb3 c6 15.
Rd1 cxd5 16. cxd5 Bxd3 17. Rxd3 Na6 18. Ba3 Rac8 19. Rd2 Nc5 20. Bxc5 Rxc5 21.
a4 Rec8 22. Rc2 Qc7 23. Rac1 h5 24. f3 h4 25. g4 Ra5 26. Qb4 Nd7 27. Bf1 Nf8
28. Bb5 Ng6 29. Bc6 h3 30. c4 Rc5 31. Ra1 Nf4 32. Bb5 Qe7 33. a5 g6 34. axb6
axb6 35. Ra6 f5 36. Rxb6 fxe4 37. fxe4 Qa7 38. Bc6 Ra5 39. c5 Ra1+ 0-1

[Event "36 Open Internacional Ciudad de San Seba"]
[Site "Donostia-San Sebastian"]
[Date "2013.03.24"]
[Round "2"]
[White "Favarel, Antoine"]
[Black "Torres, Patrice"]
[Result "1-0"]
[WhiteElo "2350"]
[BlackElo "1975"]
[PlyCount "114"]
[EventDate "2013.03.23"]
[EventRounds "9"]
[EventCountry "ESP"]

1. d4 d5 2. c4 c6 3. cxd5 cxd5 4. Bf4 Nc6 5. Nc3 Nf6 6. e3 a6 7. Bd3 e6 8. Rc1
Bd6 9. Bxd6 Qxd6 10. f4 b5 11. Nf3 O-O 12. Ne5 Bb7 13. O-O Na5 14. Qf3 Rac8 15.
g4 Nc4 16. Bxc4 bxc4 17. g5 Ne4 18. Nxe4 dxe4 19. Qe2 Bd5 20. Nxc4 Qb4 21. b3
a5 22. Qe1 Qxe1 23. Rfxe1 a4 24. Nb6 Rxc1 25. Rxc1 axb3 26. Nxd5 exd5 27. axb3
f6 28. gxf6 Rxf6 29. b4 Rb6 30. Rb1 Kf7 31. b5 Ke6 32. Kf2 Kf5 33. h3 h6 34.
Rb2 g5 35. fxg5 Kxg5 36. Kg3 h5 37. h4+ Kf5 38. Rb1 Rg6+ 39. Kf2 Rb6 40. Rg1
Rxb5 41. Rg5+ Ke6 42. Re5+ Kf6 43. Kg3 Rb1 44. Rxd5 Rf1 45. Rxh5 Rf3+ 46. Kg4
Rxe3 47. Rf5+ Ke6 48. Rh5 Re1 49. Kf4 Kd6 50. Re5 e3 51. Rxe3 Rh1 52. Kg5 Kd5
53. h5 Kxd4 54. Rg3 Ke5 55. h6 Ke4 56. Rg4+ Ke5 57. Kg6 Kd5 1-0

[Event "36 Open Internacional Ciudad de San Seba"]
[Site "Donostia-San Sebastian"]
[Date "2013.03.24"]
[Round "2"]
[White "Fernandez Zubitur, Jokin"]
[Black "Andres Gonzalez, Ivan"]
[Result "0-1"]
[WhiteElo "1966"]
[BlackElo "2331"]
[PlyCount "118"]
[EventDate "2013.03.23"]
[EventRounds "9"]
[EventCountry "ESP"]

1. e4 c6 2. d4 d5 3. exd5 cxd5 4. Bd3 Nc6 5. c3 g6 6. Nf3 Nf6 7. O-O Bg7 8. Re1
O-O 9. Nbd2 Nh5 10. Nf1 Qd6 11. Ng3 Nf4 12. Bxf4 Qxf4 13. Qc1 Bh6 14. Qxf4 Bxf4
15. Ne5 e6 16. Ng4 Kg7 17. Ne2 Bd6 18. f4 f6 19. Ne3 Bd7 20. g3 Rfc8 21. h4 Be8
22. f5 gxf5 23. Bxf5 Bf7 24. Bh3 Rg8 25. Kf2 Ne7 26. Rad1 f5 27. Ng2 Bh5 28.
Rd2 Bxe2 29. Rdxe2 Kf7 30. Re3 Rg6 31. Rf3 h5 32. Nf4 Bxf4 33. Rxf4 Rag8 34.
Re3 b5 35. Bf1 a6 36. Be2 Rh6 37. Bd1 Nc8 38. Bc2 Nd6 39. Bd3 Ne8 40. a4 Nd6
41. Re1 Rhg6 42. Rf3 bxa4 43. Ra1 Rb8 44. Ra2 a5 45. Bc2 Nc4 46. Bxa4 Rxb2+ 47.
Rxb2 Nxb2 48. Bb5 Rg8 49. c4 Nxc4 50. Bxc4 dxc4 51. d5 a4 52. Ke3 a3 53. Kd4
Ra8 54. dxe6+ Kxe6 55. Rf1 a2 56. Ra1 Ra4 57. Re1+ Kd6 58. Ra1 Kc6 59. Kc3 Kd5
0-1

[Event "36 Open Internacional Ciudad de San Seba"]
[Site "Donostia-San Sebastian"]
[Date "2013.03.24"]
[Round "2"]
[White "Gagarin, Vasilij"]
[Black "Peteiro Osta, Luis Angel"]
[Result "1-0"]
[WhiteElo "2321"]
[BlackElo "1914"]
[PlyCount "47"]
[EventDate "2013.03.23"]
[EventRounds "9"]
[EventCountry "ESP"]

1. Nf3 Nf6 2. c4 e6 3. d4 b6 4. e3 Bb7 5. Bd3 c5 6. Nc3 cxd4 7. exd4 d5 8. cxd5
Nxd5 9. Ne5 Bd6 10. Bb5+ Kf8 11. O-O Nxc3 12. bxc3 a6 13. Ba4 Qc7 14. c4 Nc6
15. Nxc6 Bxc6 16. Bxc6 Qxc6 17. d5 exd5 18. cxd5 Qc7 19. Qh5 Be5 20. Ba3+ Kg8
21. Rac1 g6 22. Qf3 Bxh2+ 23. Kh1 Qf4 24. Qh3 1-0

[Event "36 Open Internacional Ciudad de San Seba"]
[Site "Donostia-San Sebastian"]
[Date "2013.03.24"]
[Round "2"]
[White "Pashkov, Vladimir M"]
[Black "Hernandez, Elvis"]
[Result "0-1"]
[WhiteElo "1923"]
[BlackElo "2288"]
[PlyCount "78"]
[EventDate "2013.03.23"]
[EventRounds "9"]
[EventCountry "ESP"]

1. d4 d5 2. Nf3 Nf6 3. e3 e6 4. Bd3 c5 5. b3 Nc6 6. Bb2 Be7 7. Nbd2 cxd4 8.
exd4 Qa5 9. O-O O-O 10. c4 dxc4 11. Nxc4 Qh5 12. Rc1 Rd8 13. Nce5 Bd7 14. Qe2
Rac8 15. Rfd1 Be8 16. Bb5 Nxe5 17. dxe5 Rxd1+ 18. Rxd1 Nd5 19. Bxe8 Rxe8 20.
Qb5 Rb8 21. Qd7 Qg6 22. Qa4 Qc2 23. Qd4 Bc5 24. Qd2 Qf5 25. Qd3 Qh5 26. Bd4 Nf4
27. Qe3 Qg4 28. g3 Nd5 29. Qd3 Bxd4 30. Nxd4 Rc8 31. Nb5 g6 32. Nd6 Rc3 33. Qd4
Nf4 34. Qxf4 Qxd1+ 35. Kg2 Qd5+ 36. Kh3 Rf3 37. Qh4 f6 38. Nc4 Rxf2 39. Ne3 Qh1
0-1

[Event "36 Open Internacional Ciudad de San Seba"]
[Site "Donostia-San Sebastian"]
[Date "2013.03.24"]
[Round "2"]
[White "Aranaz Murillo, Amalia"]
[Black "Galarraga Lasa, Jon Gurutz"]
[Result "1-0"]
[WhiteElo "2275"]
[BlackElo "1904"]
[PlyCount "81"]
[EventDate "2013.03.23"]
[EventRounds "9"]
[EventCountry "ESP"]

1. Nf3 Nf6 2. c4 c5 3. g3 g6 4. Bg2 Bg7 5. O-O O-O 6. Nc3 Nc6 7. d4 cxd4 8.
Nxd4 a6 9. h3 Qb6 10. Nb3 d6 11. Be3 Qc7 12. Rc1 Qd8 13. Qd2 Re8 14. Rfd1 Be6
15. Nd5 Nd7 16. Nf4 Rc8 17. Nxe6 fxe6 18. Nd4 Nf8 19. h4 e5 20. Nf3 Qa5 21. Bh3
Rcd8 22. Qxa5 Nxa5 23. Bb6 Nc6 24. Bxd8 Rxd8 25. Ng5 Nd4 26. Kf1 h6 27. Ne4 Kf7
28. e3 Nc6 29. b4 Nd7 30. c5 Nf6 31. Nxf6 Bxf6 32. cxd6 exd6 33. Bg2 Nxb4 34.
Rc7+ Kg8 35. Rxb7 Nc2 36. Rb6 Be7 37. Rxa6 Rf8 38. Kg1 Rb8 39. Ra7 Bf8 40. a3
Rc8 41. Be4 1-0

[Event "36 Open Internacional Ciudad de San Seba"]
[Site "Donostia-San Sebastian"]
[Date "2013.03.24"]
[Round "2"]
[White "Zendoia Solabarrieta, Ibon"]
[Black "Bas Mas, Jose Joaquin"]
[Result "0-1"]
[WhiteElo "1908"]
[BlackElo "2258"]
[PlyCount "58"]
[EventDate "2013.03.23"]
[EventRounds "9"]
[EventCountry "ESP"]

1. e4 e6 2. d4 d5 3. Nd2 Nf6 4. e5 Nfd7 5. Ngf3 c5 6. c3 Nc6 7. Bd3 Qb6 8. Qb3
c4 9. Qxb6 axb6 10. Bc2 b5 11. O-O b4 12. cxb4 Nxb4 13. Bb1 b5 14. Rd1 Nb6 15.
Nf1 Nc6 16. Bd2 b4 17. Bc2 Ba6 18. Ng3 Be7 19. Bg5 Bxg5 20. Nxg5 h6 21. Nf3 O-O
22. Rdc1 Bb5 23. Bd1 Ra7 24. b3 Rfa8 25. bxc4 Bxc4 26. Be2 Rxa2 27. Rxa2 Rxa2
28. Bd1 b3 29. h3 b2 0-1

[Event "36 Open Internacional Ciudad de San Seba"]
[Site "Donostia-San Sebastian"]
[Date "2013.03.24"]
[Round "2"]
[White "Rebole Arbea, Jose Ignacio"]
[Black "Sanmateu Juan, Sergio"]
[Result "1-0"]
[WhiteElo "2183"]
[BlackElo "1596"]
[PlyCount "23"]
[EventDate "2013.03.23"]
[EventRounds "9"]
[EventCountry "ESP"]

1. g3 g6 2. Bg2 Bg7 3. d4 d6 4. Nf3 Nd7 5. c4 e5 6. Nc3 Ne7 7. O-O O-O 8. b3 f5
9. dxe5 dxe5 10. Ba3 Re8 11. Ng5 Nc6 12. Qd5+ 1-0

[Event "36 Open Internacional Ciudad de San Seba"]
[Site "Donostia-San Sebastian"]
[Date "2013.03.24"]
[Round "2"]
[White "Nogues Fernandez, Ramon"]
[Black "Prieto Martin, Alfonso"]
[Result "1-0"]
[WhiteElo "1902"]
[BlackElo "2181"]
[PlyCount "97"]
[EventDate "2013.03.23"]
[EventRounds "9"]
[EventCountry "ESP"]

1. e4 c6 2. d4 d5 3. Nd2 dxe4 4. Nxe4 Bf5 5. Ng3 Bg6 6. h4 h6 7. Nf3 Nd7 8. h5
Bh7 9. Bd3 Bxd3 10. Qxd3 e6 11. Bf4 Qa5+ 12. Bd2 Qc7 13. O-O-O O-O-O 14. Ne4
Ngf6 15. g3 Nc5 16. Nxc5 Bxc5 17. Rh4 Bb6 18. c4 c5 19. Bc3 Ba5 20. Qc2 Bxc3
21. Qxc3 a6 22. Ne5 Rd6 23. dxc5 Rxd1+ 24. Kxd1 Qxc5 25. Rf4 Rd8+ 26. Kc2 Qd6
27. Kb3 Nd7 28. Nxd7 Rxd7 29. a3 e5 30. Rf3 e4 31. Re3 f5 32. f3 Qd1+ 33. Ka2
Qd4 34. Qxd4 Rxd4 35. fxe4 Rxe4 36. Rxe4 fxe4 37. Kb3 Kd7 38. Kc3 Ke6 39. Kd4
Kf5 40. b4 b6 41. c5 bxc5+ 42. bxc5 e3 43. Kxe3 Ke5 44. c6 Kd6 45. Kf4 Kxc6 46.
Kf5 Kb5 47. Kg6 Ka4 48. Kxg7 Kxa3 49. Kxh6 1-0

[Event "36 Open Internacional Ciudad de San Seba"]
[Site "Donostia-San Sebastian"]
[Date "2013.03.24"]
[Round "2"]
[White "Osmolny, Vladimir I"]
[Black "Lertxundi Azpiazu, Jon"]
[Result "1-0"]
[WhiteElo "2180"]
[BlackElo "1461"]
[PlyCount "91"]
[EventDate "2013.03.23"]
[EventRounds "9"]
[EventCountry "ESP"]

1. d4 d5 2. Bg5 f6 3. Bh4 Bf5 4. Nd2 Nc6 5. c3 e6 6. f3 g5 7. Bf2 Bg6 8. e4 Qd7
9. h4 O-O-O 10. Bb5 h6 11. Ne2 Bg7 12. hxg5 hxg5 13. Rxh8 Bxh8 14. Qa4 a6 15.
Bxc6 Qxc6 16. Qxc6 bxc6 17. Ng3 f5 18. e5 f4 19. Ne2 Bd3 20. Nc1 Bc2 21. Ncb3
Bxb3 22. Nxb3 Re8 23. Nc5 a5 24. a4 Bg7 25. Nb3 Kb7 26. Nxa5+ Kb6 27. b4 Bf8
28. Kd2 Re7 29. Rh1 Nh6 30. c4 dxc4 31. d5+ Ka6 32. dxc6 Re8 33. Kc3 Nf5 34.
Nxc4 Ne3 35. b5+ Ka7 36. Nxe3 fxe3 37. Bxe3+ Kb8 38. Bxg5 Bc5 39. Kc4 Bf2 40.
Bf6 Ka7 41. Rh8 Rxh8 42. Bxh8 Kb6 43. Bf6 Bg3 44. Kd4 Ka5 45. Ke4 Kxa4 46. b6
1-0

[Event "36 Open Internacional Ciudad de San Seba"]
[Site "Donostia-San Sebastian"]
[Date "2013.03.24"]
[Round "2"]
[White "Thomassen, Joachim"]
[Black "Rodriguez Cabrera, Fco. Javier"]
[Result "1-0"]
[WhiteElo "2394"]
[BlackElo "1924"]
[PlyCount "75"]
[EventDate "2013.03.23"]
[EventRounds "9"]
[EventCountry "ESP"]

1. d4 Nf6 2. c4 g6 3. g3 Bg7 4. Bg2 O-O 5. Nf3 d6 6. O-O Nbd7 7. Nc3 c6 8. h3
e5 9. e4 Re8 10. Re1 Qc7 11. Be3 b6 12. Rc1 exd4 13. Nxd4 Nc5 14. Qc2 Bb7 15.
b4 Ne6 16. Nb3 Rad8 17. Qd2 Qb8 18. Rcd1 Qa8 19. f4 Nc7 20. Qc2 Ne6 21. f5 gxf5
22. exf5 Nc7 23. Bf4 Rxe1+ 24. Rxe1 Nce8 25. g4 d5 26. cxd5 cxd5 27. Nb5 Ne4
28. N5d4 N8d6 29. g5 Qc8 30. f6 Qxc2 31. Nxc2 Bf8 32. Nbd4 Rc8 33. Ne3 a6 34.
a3 Rc3 35. Bxd6 Bxd6 36. Ndf5 Bg3 37. Nxg3 Nxg3 38. Nxd5 1-0

[Event "36 Open Internacional Ciudad de San Seba"]
[Site "Donostia-San Sebastian"]
[Date "2013.03.24"]
[Round "2"]
[White "Rodriguez Rodriguez, Luis J"]
[Black "Diaz Herrero, Alvaro"]
[Result "0-1"]
[WhiteElo "1881"]
[BlackElo "2160"]
[PlyCount "76"]
[EventDate "2013.03.23"]
[EventRounds "9"]
[EventCountry "ESP"]

1. d4 Nf6 2. c4 Nc6 3. Nc3 e5 4. d5 Ne7 5. Bg5 Ng6 6. Nf3 h6 7. Bxf6 Qxf6 8. e3
Bb4 9. a3 Bxc3+ 10. bxc3 d6 11. Qc2 O-O 12. Bd3 Nh4 13. Nxh4 Qxh4 14. O-O f5
15. f4 e4 16. Be2 a5 17. Qd2 a4 18. Rab1 b6 19. Rb4 Bd7 20. Rfb1 Qe7 21. Kh1
Kh7 22. Rg1 g5 23. g3 Rg8 24. Rbb1 Rg7 25. Qd4 Rag8 26. Rbf1 Rf8 27. Bd1 Rf6
28. Qd2 Kg8 29. Rg2 Rh7 30. Qf2 Rg6 31. Be2 g4 32. Rb1 h5 33. Qf1 h4 34. Kg1
Qg7 35. Rc1 Rgh6 36. Kf2 Qh8 37. Ke1 hxg3 38. hxg3 Rh1 0-1

[Event "36 Open Internacional Ciudad de San Seba"]
[Site "Donostia-San Sebastian"]
[Date "2013.03.24"]
[Round "2"]
[White "Aranzabal Minguez, Alex"]
[Black "Silva Rodriguez, Julio"]
[Result "0-1"]
[WhiteElo "1874"]
[BlackElo "2141"]
[PlyCount "62"]
[EventDate "2013.03.23"]
[EventRounds "9"]
[EventCountry "ESP"]

1. d4 e6 2. Nf3 d5 3. c4 Nf6 4. cxd5 exd5 5. Bg5 Be7 6. Nc3 c6 7. Qc2 g6 8. e3
Bf5 9. Bd3 Bxd3 10. Qxd3 O-O 11. O-O Re8 12. Rab1 a5 13. a3 Ne4 14. Bf4 Bd6 15.
Bxd6 Nxd6 16. Nd2 Nd7 17. Na4 b5 18. Nc3 Nc4 19. a4 b4 20. Ne2 Nxd2 21. Qxd2 c5
22. dxc5 Nxc5 23. b3 Qd6 24. Rfd1 Rad8 25. Nd4 Ne4 26. Nb5 Nxd2 27. Nxd6 Nxb1
28. Nxe8 Nc3 29. Nf6+ Kg7 30. Nh5+ gxh5 31. f3 Nxd1 0-1

[Event "36 Open Internacional Ciudad de San Seba"]
[Site "Donostia-San Sebastian"]
[Date "2013.03.24"]
[Round "2"]
[White "Salgado Cea, Gorka"]
[Black "Sanz Rodero, Mikel"]
[Result "0-1"]
[WhiteElo "1855"]
[BlackElo "2110"]
[PlyCount "60"]
[EventDate "2013.03.23"]
[EventRounds "9"]
[EventCountry "ESP"]

1. e4 c5 2. Nf3 e6 3. d4 cxd4 4. Nxd4 Nf6 5. Bd3 Nc6 6. Nxc6 bxc6 7. O-O d5 8.
exd5 cxd5 9. Nd2 Be7 10. Nf3 O-O 11. b3 Nd7 12. Bb2 Nc5 13. Ne5 Nxd3 14. Qxd3
Qc7 15. Rac1 a5 16. Rfe1 Ba6 17. Qd2 Bb4 18. c3 Bd6 19. Nd3 Bxh2+ 20. Kh1 Bd6
21. c4 Qe7 22. Re3 dxc4 23. bxc4 Rfd8 24. Rh3 Ba3 25. Qc2 Bxb2 26. Nxb2 h6 27.
Na4 Rd4 28. Nb6 Rad8 29. Rg3 Rd2 30. Nd5 R8xd5 0-1